| 000 | 00919cam a22002771 4500 | ||
|---|---|---|---|
| 001 | sa 68014230 | ||
| 003 | DLC | ||
| 005 | 20260227112629.0 | ||
| 008 | 850406s1966 ii bd 000 0 tamx | ||
| 010 | _asa 68014230 | ||
| 020 | _c5.00 | ||
| 025 | _aPL480:I-T-2025 | ||
| 035 | _a(OCoLC)13886506 | ||
| 040 |
_aDLC _cNN _dDLC |
||
| 050 | 0 | 0 |
_aBL1225.G34 _bS2 |
| 100 | 1 |
_aCatācivam, Mu. _q(Murukēca Mutaliyār), _d1936- |
|
| 245 | 1 | 0 |
_aVināyakar aruṭ celvam. _bDictionary of epithets and names of Lord Vinayaka. _cĀciriyar Mu. Catācivam. Aṇinturai: Cā. Kaẹ̄caṇ. |
| 250 | _a[1. patippu] | ||
| 260 |
_aCen̲n̲ai, _bvir̲pan̲ai urimai: Pāri Nilaiyam _c[1966] |
||
| 300 |
_a238 p. _c18 cm. |
||
| 490 | 0 |
_aTamil̲c Celvam, _vtokuti 1 |
|
| 500 | _aIn Tamil. | ||
| 504 | _aBibliography: p. [19]-42. | ||
| 650 | 0 | _aGaṇeśa (Hindu deity) | |
| 740 | 0 | _aDictionary of epithets and names of Lord Vinayaka. | |
| 999 |
_c85633 _d85633 |
||